000 00778nam a22002177a 4500
005 20230904114921.0
010 _aUR-11986 UR-12036 UR-12192
020 _c180.00
035 _aU-10541
035 _aU-10591
035 _aU-10747
037 _bDBAD/PUB
082 _a270
100 _aعبد اللہ بن احمد بن قدامہ المقدی
_955854
245 _aآہ و زاری /
_cعبد اللہ بن احمد بن قدامہ المقدی
246 _aAah-o-Zaar /
_bby Abdullah bin Ahmed bin qudama Almuqddasi
260 _aنيء دہلی
_bاریب پبلیکیشنز
_c2011 ء
270 _a1542، پٹودی ہاوس، دریاگنج
_bنيء دہلی
_e2
300 _a397 ص
_c22cm(Hb)
942 _2ddc
_cUR
_h270
_mع ب د
999 _c195969
_d195969